| 000 | 00331nam a22001217a 4500 | ||
|---|---|---|---|
| 020 | _a978-0073398273 | ||
| 040 |
_adlc _cdlc _ddlc _edlc |
||
| 082 |
_a620.106 _bWHI |
||
| 100 |
_aFrank White (Author) _9129196 |
||
| 245 |
_aFluid Mechanics _b8th Edition |
||
| 260 |
_aAUSTRAILIA _bMcGraw Hill _cJanuary 16, 2015 |
||
| 942 |
_2ddc _cBK _e8th |
||
| 999 |
_c613882 _d613882 |
||